[Event "Catalunya-chT Gp1"]
[Site "Barcelona"]
[Date "2022.03.05"]
[Round "7.4"]
[White "Delisau Gil, Oriol"]
[Black "Valenzuela Gomez, Fernando Alberto"]
[Result "0-1"]
[WhiteElo "2229"]
[BlackElo "2373"]
[PlyCount "58"]
[EventDate "2022.01.22"]
[EventType "team-tourn"]
[EventRounds "9"]
[EventCountry "ESP"]
[SourceTitle "CBM 208 Extra"]
[Source "ChessBase"]
[SourceDate "2022.07.31"]
[SourceVersion "1"]
[SourceVersionDate "2022.07.31"]
[SourceQuality "1"]
[WhiteTeam "Sant Andreu"]
[BlackTeam "Barcelona Escacs CC"]
[WhiteTeamCountry "ESP"]
[BlackTeamCountry "ESP"]

1. Nf3 d5 2. d4 Nf6 3. c4 e6 4. g3 Be7 5. Bg2 0-0 6. 0-0 c6 7. Nbd2 b6 8. Qc2 c5 9. cxd5 exd5 10. Ne5 Bb7 11. Rd1 Na6 12. dxc5 bxc5 13. b3 Qb6 14. Ba3 Rfe8 15. Rac1 c4 16. Bb2 Nb4 17. Qb1 Bc5 18. e3 Rxe5 19. Bxe5 Ng4 20. Bd4 Bxd4 21. exd4 Nd3 22. bxc4 Qxd4 23. Qxb7 Qxf2+ 24. Kh1 Rf8 25. Ne4 dxe4 26. Rxd3 exd3 27. Qf3 Qd4 28. h3 Nf2+ 29. Kh2 d2 0-1

[Event "Catalunya-chT Gp1"]
[Site "Barcelona"]
[Date "2022.02.19"]
[Round "5.4"]
[White "Delisau Gil, Oriol"]
[Black "Del Amo Carbo, Jordi"]
[Result "1-0"]
[WhiteElo "2229"]
[BlackElo "2186"]
[PlyCount "77"]
[EventDate "2022.01.22"]
[EventType "team-tourn"]
[EventRounds "9"]
[EventCountry "ESP"]
[SourceTitle "CBM 208 Extra"]
[Source "ChessBase"]
[SourceDate "2022.07.31"]
[SourceVersion "1"]
[SourceVersionDate "2022.07.31"]
[SourceQuality "1"]
[WhiteTeam "Sant Andreu"]
[BlackTeam "Terrassa"]
[WhiteTeamCountry "ESP"]
[BlackTeamCountry "ESP"]

1. d4 Nf6 2. c4 e6 3. Nf3 b6 4. g3 Bb7 5. Bg2 Be7 6. 0-0 0-0 7. Nc3 d5 8. cxd5 Nxd5 9. Re1 Nxc3 10. bxc3 Be4 11. a4 Nc6 12. Nh4 Bxg2 13. Nxg2 Na5 14. e4 c5 15. Qg4 Kh8 16. Rd1 cxd4 17. cxd4 f5 18. Qf3 Qd7 19. Bf4 Rad8 20. Be5 Nc6 21. Nf4 Bd6 22. Bxd6 Qxd6 23. e5 Qd7 24. d5 exd5 25. e6 Qe7 26. Rxd5 Nb4 27. Qh5 Kg8 28. Rxf5 Nd3 29. Rxf8+ Qxf8 30. Nxd3 Rxd3 31. Qe2 Rd6 32. Rc1 Qe8 33. e7 Kf7 34. Rc7 g6 35. Qc4+ Kf6 36. Rxa7 Re6 37. Qf4+ Kg7 38. Qf8+ Qxf8 39. e8Q+ 1-0

[Event "Catalunya-chT GpB final"]
[Site "Barcelona"]
[Date "2019.03.30"]
[Round "4.8"]
[White "Delisau Gil, Oriol"]
[Black "Gallart Zafra, Jaume"]
[Result "0-1"]
[WhiteElo "2197"]
[BlackElo "2167"]
[PlyCount "174"]
[EventDate "2019.03.09"]
[EventType "team-tourn"]
[EventRounds "4"]
[EventCountry "ESP"]
[SourceTitle "EXT 2020"]
[Source "ChessBase"]
[SourceDate "2019.10.17"]
[SourceVersion "1"]
[SourceVersionDate "2019.10.17"]
[SourceQuality "1"]
[WhiteTeam "Sant Andreu"]
[BlackTeam "Tres Peons"]
[WhiteTeamCountry "ESP"]
[BlackTeamCountry "ESP"]

1. Nf3 c5 2. c4 Nc6 3. Nc3 g6 4. g3 Bg7 5. Bg2 e6 6. 0-0 Nge7 7. d3 0-0 8. Bf4 d6 9. Qd2 Nf5 10. e4 Nfd4 11. Nxd4 Nxd4 12. Bh6 Rb8 13. Bxg7 Kxg7 14. Ne2 Qf6 15. Nxd4 Qxd4 16. Qa5 Bd7 17. Qxa7 Bc6 18. Qa3 Ra8 19. Qb3 Ra5 20. Rfc1 Rfa8 21. a3 b5 22. Qc3 Qxc3 23. Rxc3 b4 24. Rb3 e5 25. Rb1 Ba4 26. axb4 cxb4 27. Rxb4 Bc2 28. Rf1 Bxd3 29. Rb6 Bxc4 30. Rxd6 Ra1 31. b3 Be2 32. Rd2 Bxf1 33. Bxf1 Rb1 34. Kg2 Rxb3 35. Bc4 Rb7 36. Rd5 Rc7 37. Bb3 Rb8 38. Rd3 Rb4 39. Bd5 Rd4 40. Ra3 Rd2 41. g4 h6 42. Rf3 Rb2 43. h4 Rbc2 44. g5 hxg5 45. hxg5 Re7 46. Kh2 Rc8 47. Kg3 Rh8 48. Rf6 Ra7 49. Rf3 Rh7 50. Rf6 Kf8 51. Rb6 Rh5 52. Kg4 Rh1 53. Rf6 Rg1+ 54. Kh4 Rg2 55. Rf3 Ra1 56. Rxf7+ Ke8 57. Kh3 Rxg5 58. Kh2 Rag1 59. Rf3 Ke7 60. Rf7+ Kd6 61. f4 R1g2+ 62. Kh1 Rg1+ 63. Kh2 R5g2+ 64. Kh3 Rg3+ 65. Kh2 exf4 66. Rxf4 Ke5 67. Rf8 R1g2+ 68. Kh1 Rg5 69. Re8+ Kf4 70. Rh8 Rg1+ 71. Kh2 R5g2+ 72. Kh3 Rd2 73. Rf8+ Kg5 74. Ba8 Re1 75. Rf3 Rh1+ 76. Kg3 Rg1+ 77. Kh3 Rd8 78. Kh2 Rg4 79. Bd5 Rh8+ 80. Rh3 Rxh3+ 81. Kxh3 Kf4 82. Bc6 Rg5 83. Kh2 Rc5 84. Be8 Rh5+ 85. Kg2 Rg5+ 86. Kh3 Kxe4 87. Kh4 Rg1 0-1

[Event "Barcelona Sants op 20th"]
[Site "Barcelona"]
[Date "2018.08.18"]
[Round "2"]
[White "Delisau Gil, Oriol"]
[Black "Bellia, Fabrizio"]
[Result "0-1"]
[WhiteElo "2201"]
[BlackElo "2440"]
[PlyCount "56"]
[EventDate "2018.08.17"]
[EventType "swiss"]
[EventRounds "10"]
[EventCountry "ESP"]
[SourceTitle "CBM 186 Extra"]
[Source "ChessBase"]
[SourceDate "2018.08.24"]
[SourceVersion "1"]
[SourceVersionDate "2018.08.24"]
[SourceQuality "1"]

1. Nf3 d5 2. d4 Nf6 3. c4 c6 4. Nc3 e6 5. Bg5 Nbd7 6. e3 Qa5 7. cxd5 exd5 8. Bd3 Ne4 9. 0-0 Nxg5 10. Nxg5 Nf6 11. e4 dxe4 12. Ngxe4 Nxe4 13. Re1 Be6 14. Bxe4 0-0-0 15. Rc1 Kb8 16. Qd3 Bd6 17. Qf3 Rhe8 18. Red1 f5 19. Bb1 g6 20. a3 Bc7 21. h3 Bb3 22. Rd3 Bd5 23. Qd1 Bf4 24. b4 Qa6 25. b5 cxb5 26. Nxd5 Bxc1 27. Nb4 Qe6 28. Kf1 Qd6 0-1

[Event "Catalunya-chT GpA final"]
[Site "Barcelona"]
[Date "2018.03.17"]
[Round "2.7"]
[White "Delisau Gil, Oriol"]
[Black "Perpinya Rofes, Lluis Maria"]
[Result "1-0"]
[WhiteElo "2135"]
[BlackElo "2375"]
[PlyCount "71"]
[EventDate "2018.03.10"]
[EventType "team-tourn"]
[EventRounds "4"]
[EventCountry "ESP"]
[SourceTitle "CBM 183 Extra"]
[Source "ChessBase"]
[SourceDate "2018.04.19"]
[SourceVersion "1"]
[SourceVersionDate "2018.04.19"]
[SourceQuality "1"]
[WhiteTeam "Sant Andreu"]
[BlackTeam "Colon Sabadell"]
[WhiteTeamCountry "ESP"]
[BlackTeamCountry "ESP"]

1. d4 Nf6 2. c4 g6 3. Nc3 Bg7 4. e4 d6 5. Nf3 0-0 6. Be2 Na6 7. 0-0 e5 8. Be3 c6 9. Rb1 Qe7 10. d5 Ng4 11. Bg5 f6 12. Bh4 c5 13. Ne1 Nh6 14. a3 Nc7 15. b4 b6 16. bxc5 bxc5 17. Nd3 Nf7 18. f3 Bh6 19. Bf2 f5 20. Rb2 Ne8 21. Qa4 Nf6 22. Rfb1 Ng5 23. h4 Nf7 24. Rb8 Rxb8 25. Rxb8 Qc7 26. Ra8 Qb6 27. Qxa7 Qb3 28. Be1 Be3+ 29. Kh1 Bd4 30. Rb8 Qc2 31. Rb2 Qxc3 32. Bxc3 Bxc3 33. Rb8 fxe4 34. Nf2 e3 35. Ne4 Nxe4 36. fxe4 1-0

[Event "Catalunya-chT Gp1"]
[Site "Barcelona"]
[Date "2017.01.28"]
[Round "2.5"]
[White "Molina Carretero, Daniel"]
[Black "Delisau Gil, Oriol"]
[Result "1-0"]
[WhiteElo "2100"]
[BlackElo "2164"]
[PlyCount "59"]
[EventDate "2017.01.21"]
[EventType "team-tourn"]
[EventRounds "7"]
[EventCountry "ESP"]
[SourceTitle "CBM 176 Extra"]
[Source "ChessBase"]
[SourceDate "2017.03.02"]
[SourceVersion "1"]
[SourceVersionDate "2017.03.02"]
[SourceQuality "1"]
[WhiteTeam "Gerunda"]
[BlackTeam "Sant Andreu"]
[WhiteTeamCountry "ESP"]
[BlackTeamCountry "ESP"]

1. e4 c5 2. Nf3 d6 3. d4 cxd4 4. Nxd4 Nf6 5. Nc3 g6 6. f3 Bg7 7. Be3 0-0 8. Qd2 Nc6 9. Bc4 Bd7 10. 0-0-0 Rc8 11. Bb3 Ne5 12. Kb1 Nc4 13. Bxc4 Rxc4 14. g4 b5 15. h4 b4 16. Nce2 Qc7 17. h5 Rc8 18. hxg6 fxg6 19. Nf4 e5 20. Nfe6 Qa5 21. Nb3 Qa6 22. Nxg7 Rxc2 23. Qxd6 Qe2 24. Bc1 Qxf3 25. g5 Qxe4 26. Ka1 R2c6 27. Qe7 Nd5 28. Qxd7 Ne3 29. Bxe3 Qxe3 30. Ne6 1-0

[Event "Barcelona Catalunya Tancat"]
[Site "Barcelona"]
[Date "2014.11.01"]
[Round "5"]
[White "Delisau Gil, Oriol"]
[Black "Povill Claros, Xavier"]
[Result "1-0"]
[WhiteElo "2176"]
[BlackElo "1952"]
[PlyCount "55"]
[EventDate "2014.09.27"]
[EventType "tourn"]
[EventRounds "9"]
[EventCountry "ESP"]
[SourceTitle "EXT 2017"]
[Source "ChessBase"]
[SourceDate "2016.10.25"]
[SourceVersion "1"]
[SourceVersionDate "2016.10.25"]
[SourceQuality "1"]

1. d4 d5 2. c4 dxc4 3. e3 e5 4. Bxc4 exd4 5. exd4 Nf6 6. Nf3 Bd6 7. 0-0 0-0 8. h3 h6 9. Qc2 Nc6 10. a3 Ne7 11. Nc3 c6 12. Re1 Bf5 13. Qb3 b5 14. Bf1 Ned5 15. Ne5 Qb6 16. a4 a6 17. Nxd5 Nxd5 18. Qf3 Bxe5 19. dxe5 Bg6 20. b3 Rfe8 21. axb5 axb5 22. Bb2 Nb4 23. Rxa8 Rxa8 24. e6 f6 25. Qg4 Nc2 26. Qxg6 Nxe1 27. e7 Qb8 28. Bxf6 1-0

[Event "Guinardo MC"]
[Site "Guinardo"]
[Date "2014.01.02"]
[Round "6.5"]
[White "Garcia Castany Musellas, Gal La"]
[Black "Delisau Gil, Oriol"]
[Result "1/2-1/2"]
[WhiteElo "2200"]
[BlackElo "2242"]
[PlyCount "113"]
[EventDate "2013.12.27"]
[EventType "swiss"]
[EventRounds "9"]
[EventCountry "ESP"]
[SourceTitle "EXT 2024"]
[Source "ChessBase"]
[SourceDate "2023.10.10"]
[SourceVersion "1"]
[SourceVersionDate "2023.10.10"]
[SourceQuality "1"]

1. e4 e5 2. Nf3 Nc6 3. Bb5 a6 4. Ba4 Nf6 5. d3 b5 6. Bb3 Be7 7. 0-0 d6 8. a4 b4 9. a5 0-0 10. Nbd2 Be6 11. Nc4 Rb8 12. h3 h6 13. Qe2 Qc8 14. Bd2 Rd8 15. Rfb1 Bf8 16. c3 bxc3 17. bxc3 d5 18. Ncxe5 Nxe5 19. Nxe5 dxe4 20. Bxe6 Qxe6 21. d4 c5 22. Be3 Nd5 23. Qc2 cxd4 24. Bxd4 e3 25. fxe3 Nxe3 26. Qf2 Nc4 27. Nxc4 Qxc4 28. Rb6 Rbc8 29. Rf1 Bc5 30. Bxc5 Rxc5 31. Rxa6 Qxa6 32. Qxc5 Rc8 33. Qb6 Qxb6+ 34. axb6 Rxc3 35. Rb1 Rc8 36. Kf2 Kf8 37. Ke3 Ke7 38. Kd4 Kd6 39. b7 Rb8 40. Rb6+ Kc7 41. Kc5 h5 42. Rc6+ Kxb7 43. Rb6+ Kc7 44. Rxb8 Kxb8 45. Kd6 g5 46. Ke5 g4 47. hxg4 hxg4 48. Kf6 Kc7 49. Kxf7 Kd6 50. g3 Ke5 51. Kg6 Ke6 52. Kg5 Kf7 53. Kh5 Kg7 54. Kxg4 Kg6 55. Kf4 Kf6 56. Ke3 Kg5 57. Kf3 1/2-1/2

[Event "Barcelona Sants op 15th"]
[Site "Barcelona"]
[Date "2013.08.23"]
[Round "1"]
[White "Iturrizaga Bonelli, Eduardo"]
[Black "Delisau Gil, Oriol"]
[Result "1-0"]
[WhiteElo "2660"]
[BlackElo "2103"]
[PlyCount "131"]
[EventDate "2013.08.23"]
[EventType "swiss"]
[EventRounds "10"]
[EventCountry "ESP"]
[SourceTitle "CBM 156 Extra"]
[Source "ChessBase"]
[SourceDate "2013.10.22"]
[SourceVersion "1"]
[SourceVersionDate "2013.10.22"]
[SourceQuality "1"]

1. Nf3 Nf6 2. c4 g6 3. Nc3 Bg7 4. e4 d6 5. d4 0-0 6. Be2 e5 7. Be3 Nbd7 8. dxe5 dxe5 9. h3 c6 10. Qd6 Nh5 11. g3 Re8 12. 0-0-0 Bf8 13. Qd2 Qa5 14. a3 Ng7 15. Kb1 a6 16. Qc1 Bc5 17. h4 Bxe3 18. Qxe3 b5 19. Rd6 b4 20. axb4 Qxb4 21. Rxc6 Rb8 22. Qc1 Bb7 23. Nd5 Bxc6 24. Nxb4 Rxb4 25. Nd2 Reb8 26. Qc3 Ne6 27. Bg4 Nd4 28. Bxd7 Bxd7 29. f4 f6 30. Rh2 Ba4 31. Nf1 Bb3 32. Ne3 a5 33. Rd2 a4 34. Rxd4 exd4 35. Qxd4 R4b7 36. Nd5 a3 37. Nxf6+ Kf7 38. Nd5 axb2 39. Qf6+ Kg8 40. Qe6+ Kg7 41. Qe5+ Kf7 42. Qf6+ Kg8 43. Qe6+ Kg7 44. Nc3 Rb4 45. Qd7+ Kg8 46. Qd5+ Kg7 47. Qd7+ Kg8 48. h5 Bxc4 49. h6 R4b7 50. Qd4 Be6 51. Qd6 Bc4 52. Qd4 Be6 53. Qd6 Bc4 54. f5 Ra8 55. fxg6 hxg6 56. Qxg6+ Kh8 57. Kc2 Bb3+ 58. Kd2 Rd8+ 59. Ke3 Rbd7 60. Qb6 Rd3+ 61. Ke2 Rd2+ 62. Ke1 Rd1+ 63. Nxd1 Rxd1+ 64. Ke2 Re1+ 65. Kd2 Rd1+ 66. Kc3 1-0